| 000 | 00525nam a22001577a 4500 | ||
|---|---|---|---|
| 082 |
_a620.4 _bSAL |
||
| 100 |
_aSaleem, Sana (402830) _9127744 |
||
| 245 | _aPreparation, Characterization, and Evaluation of Thermophysical Properties of Si3N4 Based Nanofluid for Heat Transfer / | ||
| 264 |
_aIslamabad : _bUSPCAS-E, NUST _cJAN, 2025. |
||
| 300 |
_axv, 97 p. _e+CD |
||
| 520 | _aTH-612 | ||
| 650 |
_aMS TEE Thesis _9116575 |
||
| 650 |
_aMS Thesis _918721 |
||
| 700 |
_aSupervisor: Dr. Majid Ali _9116940 |
||
| 942 |
_2ddc _cTHE |
||
| 999 |
_c612780 _d612780 |
||